| 000 | 00876 a2200241 4500 | ||
|---|---|---|---|
| 999 |
_c200129120 _d41279 |
||
| 001 | 200129120 | ||
| 003 | TR-AnTOB | ||
| 005 | 20240115140205.0 | ||
| 008 | 160803s2012 tu 000 0 | ||
| 040 |
_aTR-AnTOB _cTR-AnTOB |
||
| 041 | _atur | ||
| 050 |
_aLA948 _bY43 2007 |
||
| 090 | _aLA948.Y43 2007 | ||
| 245 | 1 | 0 |
_aYeditepe University EUA Evaluation Report = Yeditepe Üniversitesi EUA Değerlendirme Raporu _bInstitutional Evaluation Programme = Kurumsal Değerlendirme Programı / _chazırlayan Nilüfer Eğrican. |
| 264 | 1 |
_aİstanbul: _bYeditepe Üniversitesi, _c2007 |
|
| 300 |
_a35 s. ; _c30 cm. |
||
| 610 | 0 |
_aYeditepe Üniversitesi _9122345 |
|
| 650 | 0 |
_aUniversities and colleges _zTurkey _zİstanbul _988375 |
|
| 650 | 0 |
_aÜniversiteler ve yüksekokullar _zTürkiye _zİstanbul _961674 |
|
| 700 | 1 |
_aEğrican, Nilüfer _989233 |
|
| 942 |
_cBK _2lcc |
||